Bahrain Quiz - Statistics

General Stats
  • This quiz has been taken 549 times
  • The average score is 7 of 18
Answer Stats
Hint Answer % Correct
Official language Arabic
93%
Capital Manama
85%
Bahrain declared independence from this nation in 1971 United Kingdom
81%
Top religions Islam
80%
Currency Bahraini dinar
62%
Hindu
51%
92% of the country is this biome Desert
47%
The largest expatriate community in Bahrain consists of people from this country India
44%
During World War II, Bahraini oil fields were bombed by this country Italy
39%
What percentage of public schools educate boys and girls together? 0
36%
A source of this metal in ancient times Copper
28%
This tree growing in the Sakhir desert is a popular tourist attraction Tree of Life
24%
Bahrain is 5th in the world for its prevalence of this metabolic disorder Diabetes
20%
In 2008, Houda Nonoo was appointed ambassador to the US, making her the first ______ ambassador of any Arab country Jewish
15%
This holiday, locally called "Eid Al Oumal," is celebrated every 1st of May Labour Day
15%
Bahrain's highest poing at 134 meters (440 feet) Mountain of Smoke
8%
The Bahraini archipelago is home to the world's second largest (after Australia) aggregation of this mammal Dugong
4%
Bahrain has the ______ economy in the Middle East Freest
3%
No matching quizzes found
Score Distribution
Percent of People with Each Score
Percentile by Number Answered
Your Score History
You have not taken this quiz